000 00832nam2a22002531 4500
001 RU\NLR\INFOCOMM6\1000490726
005 20041012173532.0
035 _a(NLR Aleph) 002320261
090 _a4381798
_c4381798
100 _a20041012d1956 |||y0rusy50 ba
101 0 _arus
102 _aRU
105 _ay |||||||||
200 1 _aШтампованные барашки
_fП.О. Петерсон
210 _d1956
461 0 _1001RU\NLR\INFOCOMM6\1000490645
_12001#$aОбмен техническим опытом$eИнформ. материал$fРСФСР. М-во местной пром. Техн. упр.$v№81
700 1 _aПетерсон
_bП. О.
_4070
801 0 _aRU
_bNLR
_gPSBO
801 1 _aRU
_bInfoComm
_c20041012
852 _aNLR
_jП10/1477
942 _cISSUE
980 _aNB
980 _aRUSPER